000 00697nam a2200265Ia 4500
003 OSt
005 20220928131021.0
006 a|||||r|||| 00| 0
007 ta
008 220927b |||||||| |||| 00| 0 eng d
024 _a65978
037 _cTextual
040 _aSDCL
_cSDCL
_beng
041 _2eng
_aeng
082 _aX:72, P2
100 _aStiglitz Joseph E
245 0 _aPrinciples of macroeconomics
250 _a3
260 _aNew York
_b W W Norton
_c2002
300 _axxiii,501p.Bibp1-20
_ccm.
650 _aMacroeconomics
700 _a Walsh Carl E
_9445732
942 _hX:72, P2
_cTEXL
_2CC
999 _c789264
_d789264